01142nab a22002177a 4500999001500000003000400015005001700019008004100036040000700077245009400084260007300178300001500251500003600266505029000302505008200592650002300674650002600697650003300723773015500756942001300911 c5567d5567OSt20251218101615.0190429b xxu||||| |||| 00| 0 spa d cPJ10aPresentación de la sección neuroderechos y derechos humanos /cJosé Angel Marinaro. cCiudad Autónoma de Buenos Aires :aThomson Reuters La Ley, b2025. ap. 257-263 aCita: TR LALEY AR/DOC/400/2025. aSumario: I. Hacia nuevos derechos humanos en la era de la Neurociencia y la Neurotecnología.— II. Hacemos un poco de historia.— III. Conflictos éticos y derechos humanos.— IV. La prueba neurocientífica en los Tribunales.— V. Neuropredicción y tratamiento penitenciario. tSi te interesa el texto completo, solicitalo a koha@justierradelfuego.gov.ar  09343aDERECHO PENAL 09614aDERECHOS HUMANOS 096081aCIENCIA Y TECNOLOGÍA0 0265893164tRevista de derecho penal y criminología. Nº 3 - Abril 2025dCiudad Autónoma de Buenos Aires : Thomson Reuters La Ley, 2017-x00347914 2udccANA